Finančné trhy a bankovníctvo
Salvato in:
| Autore principale: | |
|---|---|
| Ente Autore: | |
| Altri autori: | , , , , , , , |
| Natura: | Libro |
| Lingua: | slovacco |
| Pubblicazione: |
Žilina
GEORG Žilina
2009
|
| Soggetti: | |
| Tags: |
Nessun Tag, puoi essere il primo ad aggiungerne!!
|
MARC
| LEADER | 00000nam$a2200000$$$4500 | ||
|---|---|---|---|
| 001 | 0096204 | ||
| 005 | 20240502072052.1 | ||
| 020 | |a 978-80-89401-01-7 | ||
| 041 | 0 | |a slo | |
| 044 | |a SK | ||
| 245 | 1 | 0 | |a Finančné trhy a bankovníctvo |c Dana Tkáčová ... [et al.] |
| 264 | 1 | |a Žilina |b GEORG Žilina |c 2009 | |
| 300 | |a 268 s. [15 AH] | ||
| 610 | 2 | 0 | |a trh finančný |
| 610 | 2 | 0 | |a bankovníctvo |
| 610 | 2 | 0 | |a banky |
| 610 | 2 | 0 | |a trh peňažný |
| 610 | 2 | 0 | |a trh kapitálový |
| 610 | 2 | 0 | |a styk platobný |
| 100 | 1 | |a Tkáčová, Daniela, 1954- | |
| 700 | 1 | |a Belás, Jaroslav | |
| 700 | 1 | |a Horvátová, Eva, 1958- | |
| 700 | 1 | |a Chovancová, Božena | |
| 700 | 1 | |a Malacká, Viera | |
| 700 | 1 | |a Kotlebová, Jana, 1969- | |
| 700 | 1 | |a Kráľ, Miloš | |
| 700 | 1 | |a Slepecký, Jaroslav | |
| 700 | 1 | |a Demjan, Valér | |
| 710 | 2 | |a Ekonomická univerzita v Bratislave | |